00879nam a22002534c 4500003000900000008004100009020001800050040002500068041001800093080001100111100002000122245001500142264003200157300004100189336002700230337003300257338002800290490002800318520016500346521002400511650004300535650001100578700003600589AR-BaSMT240627b2020 enka|||ar|||| 000 1 ing d a9781474970198 aBSGBbespañolerda0 ainghInglés a82-34 1 aPunter, Russell10aHen's pens aLondres : bUsrborne,c2020 a24 páginas ; bilustraciones color 2rdacontentatextobtxt 2rdamediaasin mediaciónbn 2rdacarrieravolumenbnc aUsborne Phonics Readers aHen just loves to draw. But when she runs out of paper, where will she start scribbling next? Find out in this colourful addition to the Phonics Readers series. aJardín / Primaria 7aLITERATURA INFANTILvInglésxPhonics 7aCUENTO1 aCartwright, StepheneIlustrador